PR-SOF-2205-Path Planning of Autonomous Electric Vehicle (Record no. 592481)
[ view plain ]
| 000 -LEADER | |
|---|---|
| fixed length control field | 00478nam a22001337a 4500 |
| 040 ## - CATALOGING SOURCE | |
| Transcribing agency | NUST |
| 082 ## - DEWEY DECIMAL CLASSIFICATION NUMBER | |
| Classification number | 220 PRO |
| 100 ## - MAIN ENTRY--PERSONAL NAME | |
| Personal name | NC Muhammad Arslan Amjad Qureshi NC Muhammad Hassan Ghafoor NC Muhammad Talha Saleem NC Muhammad Hashim |
| 9 (RLIN) | 103559 |
| 110 ## - MAIN ENTRY--CORPORATE NAME | |
| Corporate name or jurisdiction name as entry element | Project Supervisor Dr. Fahad Mumtaz Malik |
| 245 ## - TITLE STATEMENT | |
| Title | PR-SOF-2205-Path Planning of Autonomous Electric Vehicle |
| 260 ## - PUBLICATION, DISTRIBUTION, ETC. | |
| Place of publication, distribution, etc. | Islamabad: |
| Name of publisher, distributor, etc. | Nust College of EME, |
| Date of publication, distribution, etc. | 2022. |
| 650 ## - SUBJECT ADDED ENTRY--TOPICAL TERM | |
| Topical term or geographic name entry element | DE-ELECT-40 |
| 9 (RLIN) | 103514 |
| 942 ## - ADDED ENTRY ELEMENTS (KOHA) | |
| Source of classification or shelving scheme | |
| Koha item type | Project Report |
| Withdrawn status | Lost status | Source of classification or shelving scheme | Damaged status | Not for loan | Permanent Location | Current Location | Shelving location | Date acquired | Total Checkouts | Full call number | Barcode | Date last seen | Price effective from | Koha item type |
|---|---|---|---|---|---|---|---|---|---|---|---|---|---|---|
| College of Electrical & Mechanical Engineering (CEME) | College of Electrical & Mechanical Engineering (CEME) | Reference | 11/25/2022 | 220 PRO | PR-SOF-2205 | 11/25/2022 | 11/25/2022 | Project Report |
